Statistiques concernant Culture Générale - Série 1339

Cliquez ici pour prendre le quiz!

Statistiques générales

  • Ce quiz a été pris 64 fois
  • Le résultat moyen est 6 sur 10

Statistiques - réponses

QuestionRéponse% Correct
Sur quelle île des Antilles françaises vous trouvez-vous, si vous débarquez à l'aéroport Aimé-Césaire ?Martinique
87%
Qui chante “La Tactique du gendarme” dans les années 50 ?Bourvil
77%
Quel est l'emblème de l'équipe nationale de rugby d'Angleterre ?rose
77%
Dans quel pays d'Europe se situe la ville d'Agrigente ?Italie
73%
En 1996, avec quel titre signé Jean-Jacques Goldman, le chanteur Khaled connaît-il la consécration en France ?Aïcha
71%
Quelle religieuse interprète "Dominique", en 1963 ?Soeur Sourire
55%
Quelle ville d'Allemagne a donné son nom à une République proclamée en 1919, puis remplacée par le IIIe Reich d'Hitler en 1933 ?Weimar
42%
Quel auteur nous a livré “Les Souffrances du jeune Werther” ?Goethe
37%
Comment appelle-t-on les habitants de Saint-Brieuc, dans les Côtes-d'Armor ?Briochins
26%
Quel homme de radio, prénommé Jean-Louis, est le créateur du festival des "Francofolies de la Rochelle" ?Jean-Louis Foulquier
26%

Distribution des résultats

Percentile par nombre de réponses

% des personnes avec chaque résultat

Votre développement - résultats

Vous n’avez pas pris ce quiz